| 000 | 00581cam a22002291 4500 | ||
|---|---|---|---|
| 001 | sa 65004436 | ||
| 003 | DLC | ||
| 005 | 20260227112130.0 | ||
| 008 | 890724s1964 ii b 000 0 hino | ||
| 010 | _asa 65004436 | ||
| 035 | _a(OCoLC)20061589 | ||
| 040 |
_aDLC _cWaU _dDLC |
||
| 042 | _apremarc | ||
| 050 | 0 | 0 |
_aPK2095.T8 _bZ558 |
| 100 | 1 |
_aBharadwaj, Ramdat, _d1902- |
|
| 245 | 1 | 0 | _aTulasīdāsa aura unake kāvya. |
| 260 | _c[1964] | ||
| 300 |
_a8, 352 p. _c22 cm. |
||
| 500 | _aIn Hindi. | ||
| 504 | _aIncludes bibliographies. | ||
| 600 | 0 | 0 |
_aTulasīdāsa, _d1532-1623. |
| 999 |
_c63757 _d63757 |
||